000 00894nam a2200253Ia 4500
001 dia_1105
003 CHAP
005 20230123105130.0
008 220117s1973 xx 000 0 und d
010 _a171651
040 _cCHAP
082 _a334.026 M49 1973
110 _aMéxico. Leyes, decretos, etc.
_977071
245 _aExposición de motivos del proyecto de Ley General de Sociedades Cooperativas ; Ley General de Sociedades Cooperativas
260 _aChapingo, México :
_b ENA. Departamento de Industrias Agrícolas,
_c1973
300 _a60 p.
590 _aKGF1370.A311994 M49 1973
650 _aCooperativas
_xLeyes y legislación
_xMéxico /
_9147611
650 _aCooperative societies
_xLaw and legislation
_xMexico
_9147612
901 _a334.026 M49 1973
902 _aM
905 _a5232271973 MX X 8293222322SPA16
942 _cLIBRO
_2ddc
999 _c171651
_d171651